| 000 | 00939nmm a2200289 a 4500 | ||
|---|---|---|---|
| 001 | ocm0002347376 | ||
| 003 | TR-IsHL | ||
| 005 | 20201028184723.0 | ||
| 008 | 190516s2019 tu eng | ||
| 007 | cr cn | ||
| 020 | _a9786057566775 | ||
| 035 |
_a2347376 _b(N$T) |
||
| 050 | 0 | 4 |
_aPR6005.O66 _bM5 2019 |
| 090 | 0 | 4 |
_aPR6005.O66 _bM5 2019 |
| 100 | 1 | _aConrad, Joseph | |
| 245 | 1 | 0 |
_aThe mirror of the sea _h[electronic resource] / _cJoseph Conrad |
| 260 |
_aİstanbul : _be-Kitap Projesi & Cheapest Books, _c2019 |
||
| 300 | _a257 p. | ||
| 650 | 4 | _aDil ve Edebiyat | |
| 650 | 4 | _aLanguage and Literature | |
| 650 | 0 | _aDeniz yaşamı | |
| 650 | 0 | _aSeafaring life | |
| 650 | 0 | _aİngiliz romanı | |
| 650 | 0 | _aEnglish ficiton | |
| 650 | 7 |
_aLITERARY COLLECTIONS / European / English, Irish, Scottish, Welsh _2bisacsh |
|
| 856 | 4 | 0 | _uhttp://search.ebscohost.com/login.aspx?direct=true&scope=site&db=e011xww&AN=2347376 |
| 999 |
_c21132 _d21132 |
||